00610nam a2200205Ia 4500003000400000005001700004008004100021020001900062040000700081041000800088082001600096100002500112245002300137260004300160300000900203650003100212942001300243999001900256952012900275OSt20250825152332.0250729s2005 xx 000 0 und d a978-8183162012 cAL aeng a001.51 RAJC aRajashekar S9222183 aComputer education aNew DelhibNeelkamal Publicationc2005 a184p aComputer Education9222184 2ddccBED c235340d235340 00104070aALbALd2025-07-29eSita Book Houseg95.00l0o001.51 RAJCpBED00659r2025-07-29 16:53:55v95.00w2025-07-29yBK